Central Library OPAC University of Rajshahi
Normal view MARC view

Entry Personal Name

Number of records used in: 3

001 - CONTROL NUMBER

  • control field: 13238

003 - CONTROL NUMBER IDENTIFIER

  • control field: BD-RjUL

005 - DATE AND TIME OF LATEST TRANSACTION

  • control field: 20240530152900.0

008 - FIXED-LENGTH DATA ELEMENTS

  • fixed length control field: 240530|| aca||aabn | a|a d

040 ## - CATALOGING SOURCE

  • Original cataloging agency: BD-RjUL
  • Transcribing agency: BD-RjUL

100 ## - HEADING--PERSONAL NAME

  • Personal name: সাদেক, মোহাম্মদ, গবেষণা তত্ত্বাবধায়ক

670 ## - SOURCE DATA FOUND

  • Source citation: Work cat.: (BD-RjUL)83854: বানু, সেলিনা 12043, মহিলাদের কল্যাণের ক্ষেত্রে মহিলা স্বেচ্ছাসেবী প্রতিষ্ঠানের ভুমিকা : , ১৯৯৩